S.D SINGH'S JUDGEMENTS AND HOW TO WRITE THEM (Record no. 216926)

MARC details
000 -LEADER
fixed length control field 00399nam a22001457a 4500
008 - FIXED-LENGTH DATA ELEMENTS--GENERAL INFORMATION
fixed length control field 260408b |||||||| |||| 00| 0 eng d
050 ## - LIBRARY OF CONGRESS CALL NUMBER
Classification number KNS 3672.S56 2005
100 ## - MAIN ENTRY--PERSONAL NAME
Personal name DR.PRAKASH R.
245 ## - TITLE STATEMENT
Title S.D SINGH'S JUDGEMENTS AND HOW TO WRITE THEM
260 ## - PUBLICATION, DISTRIBUTION, ETC.
Place of publication, distribution, etc. INDIA
Name of publisher, distributor, etc. EASTERN BOOK COMPANY
Date of publication, distribution, etc. 2005
300 ## - PHYSICAL DESCRIPTION
Extent X,183
500 ## - GENERAL NOTE
General note INCLUDES SUBJECT INDEX
942 ## - ADDED ENTRY ELEMENTS (KOHA)
Source of classification or shelving scheme Library of Congress Classification
Koha item type Long Loan Book

No items available.